Paroles "Enfant de l'homme" - Tarzan (Disney) - Statistiques

Statistiques générales
  • Ce quiz a été pris 533 fois
  • Le résultat moyen est 122 sur 169
Statistiques - réponses
Paroles % Correct
de
98%
en
98%
enfant
96%
l'homme
95%
tu
93%
la
91%
un
91%
le
88%
homme
84%
ton
83%
au
82%
et
82%
les
81%
deviendras
80%
ciel
76%
que
75%
Tout
74%
tout
74%
dans
73%
esprit
73%
regarde
73%
toi
73%
ça
70%
jour
69%
l'arc-en-ciel
68%
atteindras
67%
des
67%
d'être
66%
sage
66%
sagesse
66%
ta
66%
auras
64%
fort
64%
pouvoir
64%
si
64%
long
62%
voyage
62%
élevant
61%
trouveras
61%
cherchais
60%
réponses
60%
son
60%
pour
57%
montagne
56%
seras
56%
sommet
52%
car
50%
mais
46%
as
45%
tes
45%
tous
45%
place
44%
atteins
43%
gravis
43%
main
40%
tiens
40%
chemin
39%
résonne
39%
coeur
38%
t'appartenir
38%
bientôt
37%
rêves
37%
toutes
37%
idées
36%
prendre
36%
vont
36%
fait
35%
feras
34%
guider
34%
plus
34%
découvrir
33%
foi
33%
ni
33%
découvrant
32%
désirs
32%
d'un
29%
donner
26%
secrets
26%
visions
25%
personne
23%
donnant
22%
Aucun quiz correspondant
Distribution des résultats
% des personnes avec chaque résultat
Percentile par nombre de réponses
Votre historique - résultats
Vous n’avez pas pris ce quiz